Paesi che contengono una lettera - O - Statistics

Statistiche generali
  • Questo quiz è stato fatto 599 volte
  • Il punteggio medio è 62 su 73
Statistiche sulle risposte
Categoria Paese % Corretto
3 x O Portogallo
96%
2 x O Colombia
95%
1 x O Egitto
95%
2 x O Marocco
95%
1 x O Norvegia
95%
2 x O Repubblica del Congo
95%
3 x O Repubblica Democratica del Congo
95%
1 x O Slovenia
95%
1 x O Città del Vaticano
94%
1 x O Giappone
94%
1 x O San Marino
94%
1 x O Slovacchia
94%
1 x O Belgio
92%
1 x O Messico
92%
1 x O Oman
92%
2 x O Polonia
91%
2 x O Corea del Nord
90%
1 x O Corea del Sud
90%
1 x O Lussemburgo
89%
1 x O Bolivia
88%
1 x O Lettonia
88%
2 x O Montenegro
88%
2 x O Regno Unito
88%
2 x O Togo
88%
1 x O Cipro
87%
1 x O Estonia
87%
1 x O Indonesia
87%
2 x O Lesotho
87%
2 x O Monaco
87%
1 x O Andorra
86%
1 x O Cambogia
86%
3 x O Costa d'Avorio
86%
1 x O Moldavia
86%
2 x O Mozambico
86%
1 x O Repubblica Dominicana
86%
1 x O Romania
86%
1 x O Bielorussia
85%
1 x O Ecuador
85%
1 x O Honduras
85%
3 x O Kosovo
85%
1 x O Somalia
85%
1 x O Croazia
84%
1 x O Dominica
84%
1 x O Etiopia
84%
1 x O Nuova Zelanda
84%
1 x O Laos
83%
1 x O Libano
83%
1 x O Angola
82%
3 x O Comoros
82%
1 x O Costa Rica
82%
2 x O Trinidad e Tobago
82%
1 x O Capo Verde
81%
1 x O Gabon
81%
1 x O Georgia
81%
1 x O Giordania
81%
2 x O Mongolia
81%
2 x O Sao Tome e Principe
81%
1 x O El Salvador
80%
3 x O Isole Salomone
80%
1 x O Botswana
79%
1 x O Singapore
79%
1 x O Stati Federati di Micronesia
79%
2 x O Bosnia ed Erzegovina
77%
2 x O Macedonia del Nord
77%
1 x O Tonga
76%
1 x O Barbados
75%
1 x O Burkina Faso
74%
1 x O Guinea Equatoriale
74%
1 x O Papua Nuova Guinea
73%
1 x O Samoa
72%
1 x O Isole Marshall
68%
1 x O Timor Est
68%
1 x O Sierra Leone
62%
Nessun quiz corrispondente trovato
Distribuzione punteggi
Percentuale di utenti per punteggio
Percentile per numero di risposta
I tuoi punteggi nel tempo
Non hai fatto questo quiz